[Event "4NCL Division 2b"]
[Site "Birmingham, ENG ENG"]
[Date "2015.11.14"]
[Round "1.29"]
[White "Fegan, Chris"]
[Black "Ganesan, Arasu"]
[Result "1/2-1/2"]
[WhiteElo "2147"]
[BlackElo "2069"]
[PlyCount "59"]
[EventDate "2015.11.14"]
[WhiteTeam "CSC Dragons [1]"]
[BlackTeam "KJCA Kings"]

1. e4 e6 2. Qe2 Be7 3. d4 d5 4. e5 b6 5. Qg4 g6 6. Bb5+ c6 7. Bd3 Ba6 8. Bxa6
Nxa6 9. Qe2 Nb8 10. Nf3 c5 11. O-O Nc6 12. c3 h5 13. Na3 Nh6 14. Bxh6 Rxh6 15.
c4 cxd4 16. cxd5 Qxd5 17. Nb5 O-O-O 18. Rfc1 Kb8 19. a4 Rhh8 20. Qd3 g5 21. Rd1
Bc5 22. a5 g4 23. Ng5 Rd7 24. axb6 Bxb6 25. Re1 h4 26. Nd6 h3 27. Qe4 Qxe4 28.
Rxe4 f5 29. exf6 Rf8 30. Nc4 1/2-1/2

[Event "4NCL Division 2b"]
[Site "Birmingham, ENG ENG"]
[Date "2015.11.14"]
[Round "1.30"]
[White "Hand, Freddie"]
[Black "Brotherton, Trevor"]
[Result "1/2-1/2"]
[WhiteElo "1868"]
[BlackElo "2102"]
[PlyCount "72"]
[EventDate "2015.11.14"]
[WhiteTeam "KJCA Kings"]
[BlackTeam "CSC Dragons [1]"]

1. d4 d6 2. e4 g6 3. c4 Bg7 4. Nc3 a6 5. Be3 Nd7 6. Nge2 c6 7. c5 dxc5 8. dxc5
Qa5 9. a3 Ngf6 10. b4 Qc7 11. Nd4 O-O 12. Be2 e5 13. Nb3 Ne8 14. O-O f5 15. f3
Ndf6 16. Nd2 Be6 17. Bc4 Qf7 18. Qb3 Nc7 19. Rad1 Rad8 20. Bxe6 Nxe6 21. Nc4
Nd4 22. Qa2 Ne8 23. Na5 Qxa2 24. Nxa2 Rf7 25. Nc3 Rfd7 26. Kf2 Nf6 27. Nc4 Ne8
28. Nb6 Rf7 29. exf5 gxf5 30. Bg5 Rb8 31. Ne2 h6 32. Nxd4 exd4 33. Bf4 Rd8 34.
Nc4 Rd5 35. Nb6 Rd8 36. Nc4 Rd5 1/2-1/2

[Event "4NCL Division 2b"]
[Site "Birmingham, ENG ENG"]
[Date "2015.11.14"]
[Round "1.31"]
[White "Richardson, Keith B"]
[Black "Golding, James"]
[Result "1/2-1/2"]
[WhiteElo "2052"]
[BlackElo "1862"]
[PlyCount "66"]
[EventDate "2015.11.14"]
[WhiteTeam "CSC Dragons [1]"]
[BlackTeam "KJCA Kings"]

1. c4 e6 2. Nf3 d5 3. g3 c5 4. Bg2 Nc6 5. O-O Nf6 6. Na3 Be7 7. b3 O-O 8. Bb2
d4 9. d3 e5 10. e3 Ne8 11. exd4 cxd4 12. Nc2 f6 13. a3 a5 14. Qd2 Qb6 15. Rfb1
Nc7 16. b4 axb4 17. axb4 Bxb4 18. Nxb4 Qxb4 19. Qxb4 Nxb4 20. Rxa8 Nxa8 21. Ba3
Nxd3 22. Bxf8 Kxf8 23. Nd2 Nc7 24. Bxb7 Bxb7 25. Rxb7 Ne6 26. Kf1 Ndc5 27. Ra7
e4 28. Ke2 f5 29. h4 f4 30. gxf4 Nxf4+ 31. Kf1 Nfe6 32. Ke2 Nf4+ 33. Kf1 Nfe6
1/2-1/2

[Event "4NCL Division 2b"]
[Site "Birmingham, ENG ENG"]
[Date "2015.11.14"]
[Round "1.32"]
[White "Verma, Aditya"]
[Black "Weaver, Lauren"]
[Result "1-0"]
[WhiteElo "1873"]
[BlackElo "1521"]
[PlyCount "69"]
[EventDate "2015.11.14"]
[WhiteTeam "KJCA Kings"]
[BlackTeam "CSC Dragons [1]"]

1. e4 d5 2. exd5 Qxd5 3. Nf3 Nf6 4. d4 c6 5. c4 Qd8 6. Nc3 Bg4 7. Be2 e6 8. h3
Bh5 9. O-O Bd6 10. Be3 O-O 11. a3 Nbd7 12. Qc2 Qc7 13. b4 Bg6 14. Qb3 Be7 15.
Rfd1 Nb6 16. Ne5 Bf5 17. Bf4 Qd8 18. a4 Ne4 19. Bf3 Nxc3 20. Qxc3 Bg5 21. Bg3
Qe7 22. a5 Nd7 23. a6 Nxe5 24. Bxe5 bxa6 25. Rxa6 Rfd8 26. Rda1 Bf6 27. Bxf6
Qxf6 28. Bxc6 Rab8 29. Rxa7 Rxd4 30. Ra8 Rdd8 31. Qxf6 gxf6 32. b5 Kg7 33. Rxb8
Rxb8 34. Ra8 Rxa8 35. Bxa8 1-0